000 00825nam a2200241 i 4500
001 182777
003 ES-MaACL
005 20250316181628.0
008 131031s2000 sp | |||| ||spa d
080 _a821.134.2-1"19"(082.2)
080 _a821.134.1-1"19"(082.2)
080 _a929 Brines, Francisco
245 0 0 _aPoemas para F.B.
260 _a[València] :
_bUniversitat de València, Col·legi Major Rector Peset,
_c[2000]
300 _a37 p. ;
_c19 cm.
546 _aTextos en castellano o catalán.
600 1 7 _aBrines, Francisco,
_d1932-2021 -
_vHomenajes
_2
_9153767
650 4 _aPoesías españolas-
_yS.XX.
_916221
650 4 _aPoesía catalana-
_yS.XX
_916206
710 2 _aUniversidad de Valencia.
_97314
852 _aES-MaACL
_j2328-F-5
_z- Donativo M.A. Velasco
999 _c182777
_d182777